Most runs scored for India at every batting position Cricket World Cup - Statistics

General Stats
  • This quiz has been taken 35 times
  • The average score is 7 of 11
Answer Stats
Batting position No of runs Scored No of Balls faced Opposition Year Player % Correct
1st 175 140 Bangladesh 2011 Virender Sehwag
96%
6th 175 138 Zimbabwe 1983 Kapil Dev
89%
7th 72 58 New Zealand 1987 Kapil Dev
89%
2nd 183 158 Sri Lanka 1999 Sourav Ganguly
89%
4th 140 101 Kenya 1999 Sachin Tendulkar
81%
3rd 145 129 Sri Lanka 1999 Rahul Dravid
78%
8th 77 59 New Zealand 2019 Ravindra Jadeja
67%
5th 110 104 Zimbabwe 2015 Suresh Raina
44%
11th 15 15 Bangladesh 2007 Munaf Patel
19%
9th 42 26 New Zealand 1987 Kiran More
11%
10th 26 58 New Zealand 1975 Srinivas Venkataraghavan
7%
No matching quizzes found
Score Distribution
Percent of People with Each Score
Percentile by Number Answered
Your Score History
You have not taken this quiz